|
|
|
|
| LEADER |
00000nam2a2200000 4500 |
| 001 |
338675 |
| 005 |
20231102005053.0 |
| 035 |
|
|
|a (RuTPU)RU\TPU\book\365179
|
| 035 |
|
|
|a RU\TPU\book\100824
|
| 090 |
|
|
|a 338675
|
| 100 |
|
|
|a 20171130d1963 km y0rusy50 ca
|
| 101 |
0 |
|
|a rus
|
| 102 |
|
|
|a RU
|
| 105 |
|
|
|a y g 001zy
|
| 200 |
0 |
|
|a Ч. 1 : Органические вещества
|
| 210 |
|
|
|d 1963
|
| 215 |
|
|
|a 831 с.
|
| 320 |
|
|
|a Предметный указатель: с. 794-823
|
| 320 |
|
|
|a Библиография: с. 11-18
|
| 461 |
|
1 |
|0 (RuTPU)RU\TPU\book\88795
|t Вредные вещества в промышленности
|o справочник для химиков, инженеров и врачей
|o в 2 ч.
|f под ред. Н. В. Лазарева
|v Ч. 1 : Органические вещества
|e 4-е изд., перераб. и доп.
|d 1963
|
| 606 |
1 |
|
|a Вредные вещества в промышленности
|2 stltpush
|3 (RuTPU)RU\TPU\subj\67688
|9 83397
|
| 610 |
1 |
|
|a органические вещества
|
| 610 |
1 |
|
|a углеводороды
|
| 610 |
1 |
|
|a галогенпроизводные
|
| 610 |
1 |
|
|a спирты
|
| 610 |
1 |
|
|a фенолы
|
| 610 |
1 |
|
|a простые эфиры
|
| 610 |
1 |
|
|a органические окиси
|
| 610 |
1 |
|
|a перекиси
|
| 610 |
1 |
|
|a тиоспирты
|
| 610 |
1 |
|
|a тиофенолы
|
| 610 |
1 |
|
|a тиоэфиры
|
| 610 |
1 |
|
|a альдегиды
|
| 610 |
1 |
|
|a кетоны
|
| 610 |
1 |
|
|a органические кислоты
|
| 610 |
1 |
|
|a ангидриды
|
| 610 |
1 |
|
|a амиды
|
| 610 |
1 |
|
|a сложные эфиры
|
| 610 |
1 |
|
|a кислоты фосфора
|
| 610 |
1 |
|
|a амиды
|
| 610 |
1 |
|
|a нитросоединения
|
| 610 |
1 |
|
|a аминосоединения
|
| 610 |
1 |
|
|a ароматический ряд
|
| 610 |
1 |
|
|a полиметиновый ряд
|
| 610 |
1 |
|
|a хиноны
|
| 610 |
1 |
|
|a органические красители
|
| 610 |
1 |
|
|a гетероциклические соединения
|
| 610 |
1 |
|
|a алкалоиды
|
| 610 |
1 |
|
|a эфирные масла
|
| 610 |
1 |
|
|a терпены
|
| 610 |
1 |
|
|a синтетические смолы
|
| 610 |
1 |
|
|a волокна
|
| 610 |
1 |
|
|a пластмассы
|
| 610 |
1 |
|
|a синтетические каучуки
|
| 610 |
1 |
|
|a резина
|
| 610 |
1 |
|
|a поверхностно-активные вещества
|
| 610 |
1 |
|
|a справочники
|
| 675 |
|
|
|a 613.63(035)
|v 4
|
| 801 |
|
1 |
|a RU
|b 63413507
|c 20060407
|g PSBO
|
| 801 |
|
2 |
|a RU
|b 63413507
|c 20210110
|g PSBO
|
| 942 |
|
|
|c BK
|